Navigácia a lokalizácia robota v uzavretom priestore

Salvato in:
Dettagli Bibliografici
Autore principale: Žiak, Marek (Autore)
Altri autori: Ballo, Peter (Relatore della tesi)
Natura: Manoscritto Libro
Lingua:slovacco
Pubblicazione: 2018
Soggetti:
Accesso online:http://is.stuba.sk/zp/portal_zp.pl?podrobnosti=123939
Tags: Aggiungi Tag
Nessun Tag, puoi essere il primo ad aggiungerne!!

MARC

LEADER 00000ntm a22000003a 4500
001 stuzp66703
003 SK-STU
005 20181107114121.0
007 ta
008 150427s2015----xo-----f-mn---000-0-slo-d
040 |a STU  |b slo 
041 0 |a slo 
044 |a xo 
100 1 |a Žiak, Marek  |u 036000  |4 aut  |U FEI Fakulta elektrotechniky a informatiky  |T FEI Ústav jadrového a fyzikálneho inžinierstva  |X 80538  |U E060  |Y 817  |7 80538 
242 0 1 |a Navigation and localization of robot in the limited area  |y eng 
245 1 0 |a Navigácia a lokalizácia robota v uzavretom priestore 
260 |c 2018 
300 |a 45 s.,  |b DVD 
650 4 |a The method of the trilateration  |2 eng 
650 4 |a Robot  |2 eng 
650 4 |a Localization  |2 eng 
650 4 |a Arduino  |2 eng 
650 4 |a Navigation  |2 eng 
650 4 |a Automation  |2 eng 
650 4 |a Microcontroller  |2 eng 
650 4 |a Robot  |2 slo 
650 4 |a Navigácia  |2 slo 
650 4 |a Automatizácia  |2 slo 
650 4 |a Mikrokontrolér  |2 slo 
650 4 |a Metóda trilaterácie  |2 slo 
650 4 |a Lokalizácia  |2 slo 
650 4 |a Arduino  |2 slo 
700 1 |a Ballo, Peter  |u 036000  |k Z1  |4 ths  |U FEI Fakulta elektrotechniky a informatiky  |T FEI Ústav jadrového a fyzikálneho inžinierstva  |X 2121  |U E060  |Y 817  |7 A000002121 
856 4 |u http://is.stuba.sk/zp/portal_zp.pl?podrobnosti=123939 
996 |b 284ER02670  |c E*Bc- 2670  |l EE31  |s P  |a 0  |w stuzp66703_0001